000 00854nam a2200205Ia 4500
001 10809
003 GE_BSU
008 181216s||||||||xx |||||||||||||| ||und||
040 _cGE_BSU
080 _a821.353.1-2
245 _aქართველი საბჭოთა დრამატურგების პიესების კრებული.
245 _bპიესები.
245 _cრედ.ს.ჭილაია,მ.ჯაფარიძე; მხატვ.გ.გორდელაძე.
260 _aთბილისი.
260 _bსაბჭოთა საქართველო.
260 _c1959.
300 _a712გვ;23სმ.
653 _aქართველი საბჭოთა დრამატურეგების პიესების კრებული.
942 _cBK
999 _c44057
_d44057